Score 0/40 Timer 10:00
0 Plays Today
% Correct
Oslo
100%
Trondheim
100%
Ålesund
100%
Bergen
90.9%
Stavanger
90.9%
Tromsø
90.9%
Bodø
90.9%
Haugesund
90.9%
Kristiansund
90.9%
Sogndal
90.9%
Førde
90.9%
Rørvik
90.9%
Kristiansand
81.8%
Molde
81.8%
Kirkenes
81.8%
Bardufoss
81.8%
Hammerfest
81.8%
Florø
81.8%
Leknes
81.8%
Vadsø
81.8%
% Correct
Alta
72.7%
Brønnøysund
72.7%
Mosjøen
72.7%
Lakselv
72.7%
Sandane
72.7%
Sandnessjøen
63.6%
Andøya
63.6%
Vardø
63.6%
Båtsfjord
63.6%
Harstad
54.5%
Mo i Rana
54.5%
Sørkjosen
54.5%
Svalbard
45.5%
Stokmarknes
45.5%
Sandefjord
36.4%
Moss
36.4%
Østra
36.4%
Svolvær
36.4%
Stord
36.4%
Namsos
27.3%
Remove Ads.
Support Sporcle.
Get the best of Sporcle when you Go Orange. This ad-free experience offers more features, more stats, and more fun while also helping to support Sporcle. Thank you for becoming a member.

You're not logged in!

Compare scores with friends on all Sporcle quizzes.
OR
Log In

Sporcle TV

Today on Sporcle TV


Watch our educational content, quiz creation guides, and fun videos on Sporcle TV.

Show Comments

Extras

Created Nov 20, 2017ReportNominate
Tags:airport, Norway

Top Quizzes Today


Score Distribution

Paid Content

Your Account Isn't Verified!

In order to create a playlist on Sporcle, you need to verify the email address you used during registration. Go to your Sporcle Settings to finish the process.

Report this User

Report this user for behavior that violates our Community Guidelines.

Details: